Úplný chozrasčot a samofinancování státních podniků

Na minha lista:
Detalhes bibliográficos
Autor principal: Minařík, Josef
Outros Autores: Patočka, Jiří
Formato: Livro
Idioma:tcheco
Publicado em: Praha Inst. říz. 1989
Edição:1. vyd.
Colecção:Vedoucí a přestavba 1
Tags: Adicionar Tag
Sem tags, seja o primeiro a adicionar uma tag!

MARC

LEADER 00000nam a2200000 4500
001 c033963
005 20221215120915.8
041 0 |a cze 
044 |a CZ 
245 1 0 |a Úplný chozrasčot a samofinancování státních podniků  |c Josef Minařík, Jiří Patočka 
250 |a 1. vyd. 
264 1 |a Praha  |b Inst. říz.  |c 1989 
300 |a 94 s. 
490 1 |a Vedoucí a přestavba  |v 1 
830 0 |a Vedoucí a přestavba  |v 1 
100 1 |a Minařík, Josef 
700 1 |a Patočka, Jiří